1999 1425 1598 1643 1870 1864 1708 1663 1596 1304 1125 1369 1066 1685 1761 1651 1581 1850 1403 1558 1353 1511 1529 1748 1220 1316 1204 1073 1493 1849 1390 1012 1575 1149 1356 1250 1129 1771 1936 1784 1570 1502 1785 1044 1334 1532 1392 1695 1408 1945 1552 1474 1957 1339 1763 1048 1222 1106 1127 1285 1044 1186 1362 1403 1726 1534 1542 1958 1252 1391 1420 1347 1992 1650 1605 1580 1753 1085 1647 1884 1836 1650 1425 1877 1905 1692 1709 1968 1493 1818 1553 1748 1164 1419 1321 1183 1721 1535 1440 BCNSPRNW ULIB Ver.6.0+V

เปลี่ยนเป็นภาษาไทย

Change to English
 แสดงรายละเอียดบรรณานุกรม
  กลับหน้าหลัก

Brief Record : Get Marc (ISO 2709) : E-mail record : QR code < ปิดหน้าต่าง
LEADER : 00000nam 2200000uu 4500
001    13399111659
003     ULIB
008    110704s||||||||th 000 0 tha d
020    9786165080965
050  4 BQ4570^bส277ด 2553
100 0  ดาไล ลามะ
245 10 365 ดาไล ลามะ วัจนะจากใจ/^cดาไล ลามะ
260    กรุงเทพฯ :^bแสงดาว,^c2553
300    377 หน้า
700 0  สมลักษณ์ สว่างโรจน์^eแปล
945    ^p250^l0^i028430
995    ทศพร
999 ^a ใช้งานได้ทุกระบบ
รายการนี้ยังไม่มีแท็ก
คุณยังไม่ได้ล็อกอิน คุณสามารถมีกิจกรรมร่วมกับเว็บไซต์ได้ แต่ต้องล็อกอินก่อน ::
  ล็อกอิน

รายการสื่อสารสนเทศ

ลำดับที่ ประเภท เลขเรียก/บาร์โค้ด สถานที่ สถานะ
- ไม่พบข้อมูล -

BibComment


ยังไม่เคยถูกคอมเมนท์

คอมเมนท์ทรัพยากรรายการนี้
  คอมเมนท์: 365 ดาไล ลามะ วัจ..


 Copyright 2026. Bcnsprnw @Library